McKinnon and another v e.surv Ltd (Record no. 71988)
[ view plain ]
| 000 -LEADER | |
|---|---|
| fixed length control field | 01444cam a2200253 4500 |
| 001 - CONTROL NUMBER | |
| control field | ABS66398 |
| 008 - FIXED-LENGTH DATA ELEMENTS--GENERAL INFORMATION | |
| fixed length control field | 030129n2003 000 0 eng u |
| 035 ## - SYSTEM CONTROL NUMBER | |
| System control number | (Sirsi) u121154 |
| 245 ## - TITLE STATEMENT | |
| Title | McKinnon and another v e.surv Ltd |
| 260 ## - PUBLICATION, DISTRIBUTION, ETC. | |
| Date of publication, distribution, etc. | 2003 |
| 490 ## - SERIES STATEMENT | |
| Series statement | Estates Gazette Case Summaries |
| Volume/sequential designation | [2003] 04 EG 152 (CS) (1) |
| 490 ## - SERIES STATEMENT | |
| Series statement | Estates Gazette |
| Volume/sequential designation | [2003] 20 EG 149-153(5) |
| 520 ## - SUMMARY, ETC. | |
| Summary, etc. | [2003] EHHC 475 (Ch), 14 January 2003. In June 1999 the claimants (M) purchased a property for £185 000 in reliance on the defendant surveyor's report. The report referred to minor structural movement in the property as long-standing. M were later told the risk of movement was greater than had been reported and they brought an action for negligence. Judgment was entered for M in April 2002 with damages to be assessed. M contended that the damages should reflect the difference between the purchase price and the immediate valuation. The defendant argued that the difference should be based upon the retrospective valuation. "Held" judgment was given for the defendant. |
| 590 ## - LOCAL NOTE (RLIN) | |
| Local note | ABS |
| 650 ## - SUBJECT ADDED ENTRY--TOPICAL TERM | |
| Topical term or geographic name entry element | NEGLIGENT VALUATION |
| 650 ## - SUBJECT ADDED ENTRY--TOPICAL TERM | |
| Topical term or geographic name entry element | ASSESSMENT OF DAMAGES |
| 650 ## - SUBJECT ADDED ENTRY--TOPICAL TERM | |
| Topical term or geographic name entry element | MEASURE OF DAMAGES |
| 650 ## - SUBJECT ADDED ENTRY--TOPICAL TERM | |
| Topical term or geographic name entry element | DIMINUTION |
| 650 ## - SUBJECT ADDED ENTRY--TOPICAL TERM | |
| Topical term or geographic name entry element | STRUCTURAL MOVEMENT |
| 650 ## - SUBJECT ADDED ENTRY--TOPICAL TERM | |
| Topical term or geographic name entry element | RETROSPECTIVE VALUATION |
| 650 ## - SUBJECT ADDED ENTRY--TOPICAL TERM | |
| Topical term or geographic name entry element | MCKINNON AND ANOTHER V E.SURV LTD |
| 690 ## - LOCAL SUBJECT ADDED ENTRY--TOPICAL TERM (OCLC, RLIN) | |
| Topical term or geographic name as entry element | PROPERTY-RESIDENTIAL PROPERTY-RESIDENTIAL PROPERTY APPRAISAL AND VALUATION |
| 942 ## - ADDED ENTRY ELEMENTS (KOHA) | |
| Suppress in OPAC | 0 |
| Withdrawn status | Lost status | Source of classification or shelving scheme | Damaged status | Not for loan | Home library | Current library | Shelving location | Date acquired | Total Checkouts | Full call number | Barcode | Date last seen | Copy number | Price effective from | Koha item type |
|---|---|---|---|---|---|---|---|---|---|---|---|---|---|---|---|
| Dewey Decimal Classification | London | London | Journal article | 29/01/2003 | ABS66398 | 121154-1001 | 06/08/2019 | 1 | 06/08/2019 | Law report |